[Event "Bremen-ch"]
[Site "Bremen"]
[Date "2019.04.13"]
[Round "1.29"]
[White "Toppke, Olaf"]
[Black "Kuenitz, Bernhard"]
[Result "1/2-1/2"]
[WhiteElo "1389"]
[BlackElo "1536"]
[PlyCount "118"]
[EventDate "2019.04.13"]
[EventType "swiss"]
[EventRounds "9"]
[EventCountry "GER"]
[SourceTitle "EXT 2020"]
[Source "ChessBase"]
[SourceDate "2019.10.17"]
[SourceVersion "1"]
[SourceVersionDate "2019.10.17"]
[SourceQuality "1"]

1. d4 e6 2. Nf3 d5 3. Bf4 Nf6 4. Nbd2 c5 5. e3 Nc6 6. c3 a6 7. a4 h6 8. h3 Bd7 9. Bd3 cxd4 10. exd4 Be7 11. 0-0 Rc8 12. Re1 g5 13. Be5 Rg8 14. Nh2 Kf8 15. Ng4 Nxg4 16. Qxg4 Nxe5 17. dxe5 Be8 18. Nf1 Qb6 19. Re2 Rc6 20. Ng3 Qd8 21. Kf1 f5 22. exf6 Bxf6 23. Rxe6 h5 24. Qe2 h4 25. Rxc6 bxc6 26. Nh5 Rh8 27. Nxf6 Qxf6 28. Bxa6 Bh5 29. Qe3 Rh7 30. Qc5+ Kg8 31. Re1 Rf7 32. Qe3 Bg6 33. Qe8+ Kh7 34. Qe3 Kh6 35. Kg1 Rf8 36. Ra1 Re8 37. Qd2 Rf8 38. f3 c5 39. Bb5 d4 40. Rc1 d3 41. Qe3 Rd8 42. Rd1 Qd6 43. Rd2 Qd5 44. c4 Qd6 45. a5 Ra8 46. a6 Ra7 47. b4 Re7 48. bxc5 Qf6 49. Qf2 Qa1+ 50. Kh2 Re1 51. g4 hxg3+ 52. Kxg3 Rg1+ 53. Kh2 Rh1+ 54. Kg2 Bf5 55. f4 Bxh3+ 56. Kg3 g4 57. Qe3 Rg1+ 58. Kh2 Rh1+ 59. Kg3 Rg1+ 1/2-1/2

[Event "Bremen-ch op"]
[Site "Bremen"]
[Date "2018.03.31"]
[Round "9"]
[White "Kuenitz, Bernhard"]
[Black "Ungar, Benedict"]
[Result "1/2-1/2"]
[WhiteElo "1812"]
[BlackElo "1718"]
[PlyCount "149"]
[EventDate "2018.03.24"]
[EventType "swiss"]
[EventRounds "9"]
[EventCountry "GER"]
[SourceTitle "EXT 2019"]
[Source "ChessBase"]
[SourceDate "2018.10.10"]
[SourceVersion "1"]
[SourceVersionDate "2018.10.10"]
[SourceQuality "1"]

1. c4 Nf6 2. Nc3 d5 3. d4 dxc4 4. e4 e5 5. dxe5 Qxd1+ 6. Kxd1 Ng4 7. Nh3 Bc5 8. Nd5 Na6 9. Bxc4 c6 10. f4 cxd5 11. exd5 Bd7 12. Ke2 Nh6 13. Nf2 0-0 14. h3 Nf5 15. g4 Ng3+ 16. Kf3 Nxh1 17. Nxh1 Rac8 18. Bd3 Rfd8 19. Be4 Kf8 20. Ng3 Bb6 21. Bd2 Nc5 22. Bb4 Ke8 23. Nh5 Bb5 24. Nxg7+ Kd7 25. Bf5+ Kc7 26. Bxc8 Kxc8 27. Nf5 Kb8 28. Nd6 Ba6 29. Rd1 f6 30. Nf7 Rd7 31. e6 Nxe6 32. Bd6+ Nc7 33. Bxc7+ Bxc7 34. Nh6 Bc4 35. Ke4 Bxa2 36. Ng8 Bd8 37. f5 h5 38. Nh6 Rh7 39. Ng8 hxg4 40. hxg4 Rh8 41. Nxf6 Bxf6 42. Rd2 Re8+ 43. Kf4 Rd8 44. g5 Bxg5+ 45. Kxg5 Rxd5 46. Rh2 Bb1 47. Kf4 Rxf5+ 48. Ke3 Rc5 49. Kd4 Rc2 50. Rh8+ Rc8 51. Rh1 Bg6 52. Rh6 Be8 53. Rh2 Bb5 54. Rf2 a6 55. Rh2 Ba4 56. Kd3 Ka7 57. Rf2 Kb6 58. Rh2 Kb5 59. Rf2 Bb3 60. Rh2 Kb4 61. Rh6 Rc6 62. Rh4+ Rc4 63. Rh6 a5 64. Rb6+ Ka4 65. Rxb7 Rb4 66. Rg7 Rc4 67. Rg2 Rc2 68. Rxc2 Bxc2+ 69. Kxc2 Kb4 70. Kb1 Kb3 71. Ka1 Kc2 72. Ka2 Kc1 73. Ka3 Kc2 74. b3 Kd3 75. Ka4 1/2-1/2

[Event "Bremen-ch op"]
[Site "Bremen"]
[Date "2018.03.24"]
[Round "1"]
[White "Kuenitz, Bernhard"]
[Black "Norbach, Erik"]
[Result "1-0"]
[WhiteElo "1812"]
[BlackElo "984"]
[PlyCount "53"]
[EventDate "2018.03.24"]
[EventType "swiss"]
[EventRounds "9"]
[EventCountry "GER"]
[SourceTitle "EXT 2019"]
[Source "ChessBase"]
[SourceDate "2018.10.10"]
[SourceVersion "1"]
[SourceVersionDate "2018.10.10"]
[SourceQuality "1"]

1. c4 e5 2. Nc3 Nc6 3. d3 Nf6 4. g3 Bb4 5. Bd2 d6 6. Bg2 Bd7 7. Nf3 Qe7 8. 0-0 0-0 9. Nd5 Qd8 10. Nxb4 Nxb4 11. Bxb4 c5 12. Bc3 Bc6 13. e4 a6 14. b4 b5 15. cxb5 axb5 16. bxc5 Re8 17. cxd6 Qxd6 18. Qe2 Rec8 19. Bxe5 Qe6 20. Qb2 Bb7 21. Bxf6 gxf6 22. Nh4 Qd6 23. Qe2 Ra3 24. Nf5 Qd7 25. Qg4+ Kf8 26. Qg7+ Ke8 27. Qg8# 1-0

[Event "Bremen Silvester op"]
[Site "Bremen"]
[Date "2017.12.27"]
[Round "2"]
[White "Schroeder, Harm"]
[Black "Kuenitz, Bernhard"]
[Result "1/2-1/2"]
[WhiteElo "1744"]
[BlackElo "1894"]
[PlyCount "78"]
[EventDate "2017.12.27"]
[EventType "swiss"]
[EventRounds "7"]
[EventCountry "GER"]
[SourceTitle "CBM 182 Extra"]
[Source "ChessBase"]
[SourceDate "2018.02.23"]
[SourceVersion "1"]
[SourceVersionDate "2018.02.23"]
[SourceQuality "1"]

1. e4 e6 2. d4 d5 3. e5 c5 4. c3 Nc6 5. Nf3 Nge7 6. Bd3 Ng6 7. 0-0 Be7 8. Re1 Bd7 9. a3 Rc8 10. b4 c4 11. Bc2 b5 12. Be3 a5 13. Nbd2 0-0 14. Qb1 Ra8 15. Nf1 Qc7 16. N3d2 Ra7 17. f4 Rfa8 18. Qb2 Qb7 19. Ng3 Bh4 20. Rf1 axb4 21. axb4 Bxg3 22. hxg3 Nce7 23. g4 Qc8 24. Rxa7 Rxa7 25. Ra1 Rxa1+ 26. Qxa1 f5 27. gxf5 Nxf5 28. Bxf5 exf5 29. Qa7 Nf8 30. Nf3 Ne6 31. Ng5 h6 32. Nxe6 Bxe6 33. Qb6 Qe8 34. g3 Kh7 35. Kg2 h5 36. Qd6 Kh6 37. Bf2 g5 38. Be3 g4 39. Bf2 Kh7 1/2-1/2

[Event "GER MS-270 email"]
[Site "GER email"]
[Date "2017.09.23"]
[Round "?"]
[White "Hoffmann, Heiko"]
[Black "Kuenitz, Bernhard"]
[Result "0-1"]
[WhiteElo "1856"]
[BlackElo "1937"]
[PlyCount "60"]
[EventDate "2017.09.27"]
[EventType "tourn (corr)"]
[EventRounds "6"]
[EventCountry "GER"]
[SourceTitle "Corr 2020"]
[Source "ChessBase"]
[SourceDate "2019.09.30"]
[SourceVersion "1"]
[SourceVersionDate "2019.09.30"]
[SourceQuality "1"]

1. e4 e6 2. d4 d5 3. e5 c5 4. c3 Nc6 5. Nf3 Qb6 6. Na3 cxd4 7. cxd4 Bb4+ 8. Bd2 Nge7 9. Nc2 Bxd2+ 10. Qxd2 Qxb2 11. Bd3 Qb6 12. 0-0 0-0 13. Qg5 h6 14. Qh5 a5 15. Qg4 Qc7 16. Rab1 b6 17. Rfd1 Nb4 18. Nxb4 axb4 19. Qf4 Rxa2 20. h3 Nc6 21. Qc1 Ba6 22. Bxa6 Rxa6 23. Rxb4 Rc8 24. Rb1 b5 25. Qe3 Qb6 26. g4 Ne7 27. g5 h5 28. Nh4 b4 29. Rd3 Qa7 30. Kg2 Ra1 0-1

[Event "GER-chB Seniors 29th"]
[Site "Berlin"]
[Date "2017.08.16"]
[Round "9"]
[White "Klein, Reinhard"]
[Black "Kuenitz, Bernhard"]
[Result "1-0"]
[WhiteElo "1882"]
[BlackElo "1864"]
[PlyCount "63"]
[EventDate "2017.08.07"]
[EventType "swiss"]
[EventRounds "9"]
[EventCountry "GER"]
[SourceTitle "EXT 2019"]
[Source "ChessBase"]
[SourceDate "2018.10.10"]
[SourceVersion "1"]
[SourceVersionDate "2018.10.10"]
[SourceQuality "1"]

1. d4 e6 2. Nf3 d5 3. Bf4 Nf6 4. e3 Bd6 5. Ne5 Nbd7 6. Nd2 Nf8 7. c4 Ng6 8. Bg3 Bxe5 9. dxe5 Nd7 10. Nf3 c6 11. Qd2 0-0 12. Bd3 dxc4 13. Bxc4 Nb6 14. Bd3 Qd5 15. e4 Qc5 16. Rc1 Qe7 17. b3 Rd8 18. 0-0 Bd7 19. Qc3 Be8 20. h4 h5 21. a4 Nc8 22. Ng5 Nf8 23. f4 f6 24. exf6 Qxf6 25. e5 Qe7 26. f5 exf5 27. Bc4+ Kh8 28. Rxf5 Nb6 29. Nf7+ Kg8 30. Nxd8+ Nxc4 31. Qxc4+ Kh7 32. Nf7 1-0

[Event "GER HS-214 email"]
[Site "GER email"]
[Date "2016.10.29"]
[Round "?"]
[White "Kuenitz, Bernhard"]
[Black "Schoenberger, Kay"]
[Result "1/2-1/2"]
[WhiteElo "1839"]
[BlackElo "2045"]
[PlyCount "132"]
[EventDate "2016.11.04"]
[EventType "tourn (corr)"]
[EventRounds "6"]
[EventCountry "GER"]
[SourceTitle "Corr 2020"]
[Source "ChessBase"]
[SourceDate "2019.09.30"]
[SourceVersion "1"]
[SourceVersionDate "2019.09.30"]
[SourceQuality "1"]

1. c4 e5 2. Nc3 Nf6 3. Nf3 Nc6 4. e4 Bb4 5. d3 d6 6. Be2 0-0 7. 0-0 Bc5 8. h3 Bd7 9. Na4 b6 10. Be3 a5 11. Nxc5 bxc5 12. Ne1 Be6 13. f4 exf4 14. Bxf4 Nd7 15. b3 Nde5 16. Nf3 Nxf3+ 17. Bxf3 Qf6 18. Qd2 Ne5 19. Be2 Bd7 20. Rab1 Nc6 21. Bf3 Rab8 22. Be3 Qe5 23. Bf4 Qe7 24. Rbe1 f6 25. Be3 Rfe8 26. Rb1 Rb6 27. Rb2 Reb8 28. Rfb1 h6 29. Bh5 Ra8 30. Bf4 Kh7 31. Qe1 a4 32. bxa4 Rxb2 33. Rxb2 Rxa4 34. Qb1 Ra3 35. Rf2 Ne5 36. Be2 Qd8 37. Bc1 Ra6 38. Bf1 Nc6 39. Rb2 Qe8 40. Bd2 Qg6 41. Kh2 Nd4 42. Be3 Qh5 43. Rf2 Rb6 44. Qc1 Qe5+ 45. Bf4 Qe8 46. Be3 Rb4 47. Kg1 Qb8 48. Qd2 Be8 49. Qc3 Qb6 50. Qa3 Qb7 51. Qc3 Nc6 52. Bc1 Qa8 53. a3 Rb6 54. Rb2 Ra6 55. Rb1 Bd7 56. Qd2 Qe8 57. Qf2 Ra7 58. Kh1 Nd4 59. Be3 Ne6 60. Rb3 Ba4 61. Rb2 Nf8 62. Be2 Ng6 63. Bh5 Qc8 64. Bxg6+ Kxg6 65. Kg1 Bc6 66. Rb3 Kh7 1/2-1/2

[Event "GER HS-214 email"]
[Site "GER email"]
[Date "2016.10.29"]
[Round "?"]
[White "Preusse, Goetz"]
[Black "Kuenitz, Bernhard"]
[Result "0-1"]
[WhiteElo "1823"]
[BlackElo "1839"]
[PlyCount "88"]
[EventDate "2016.11.04"]
[EventType "tourn (corr)"]
[EventRounds "6"]
[EventCountry "GER"]
[SourceTitle "Corr 2020"]
[Source "ChessBase"]
[SourceDate "2019.09.30"]
[SourceVersion "1"]
[SourceVersionDate "2019.09.30"]
[SourceQuality "1"]

1. c4 g6 2. Nc3 Bg7 3. Nf3 c5 4. g3 d6 5. d4 cxd4 6. Nxd4 Bd7 7. Bg2 Nc6 8. Be3 Nh6 9. h3 Na5 10. 0-0 Nxc4 11. Bxh6 Bxh6 12. Bxb7 0-0 13. Bxa8 Qxa8 14. Kh2 Rc8 15. Qc2 e5 16. Nb3 d5 17. e3 a5 18. Rfd1 Be6 19. g4 a4 20. Qe2 d4 21. exd4 Nxb2 22. Nc5 exd4 23. N3e4 Qb8+ 24. Kg1 Bc4 25. Qe1 Nxd1 26. Rxd1 Bxa2 27. Qa5 Bg7 28. Qxa4 Bd5 29. Qa6 Rc6 30. Qa5 Qc8 31. g5 Be5 32. Qa3 Qf5 33. Qd3 Rxc5 34. Nxc5 Qxg5+ 35. Kf1 Qg2+ 36. Ke2 Bf4 37. Rb1 Be3 38. Rf1 Bf3+ 39. Ke1 Bc1 40. Qxd4 Qg5 41. Ne4 Bxe4 42. Kd1 Bc6 43. Kc2 Ba3 44. Rd1 Qf5+ 0-1

[Event "GER HS-205 email"]
[Site "GER email"]
[Date "2016.06.27"]
[Round "?"]
[White "Kuenitz, Bernhard"]
[Black "Schwarte, Joachim"]
[Result "1-0"]
[WhiteElo "1839"]
[BlackElo "1848"]
[PlyCount "111"]
[EventDate "2016.07.04"]
[EventType "tourn (corr)"]
[EventRounds "6"]
[EventCountry "GER"]
[SourceTitle "Corr 2022"]
[Source "ChessBase"]
[SourceDate "2021.10.24"]
[SourceVersion "1"]
[SourceVersionDate "2021.10.24"]
[SourceQuality "1"]

1. c4 e5 2. Nc3 Nf6 3. g3 Bb4 4. Bg2 0-0 5. Nf3 Re8 6. 0-0 e4 7. Nd4 Bxc3 8. dxc3 d6 9. Qc2 b6 10. Bg5 Bb7 11. f4 a5 12. Rfd1 Nbd7 13. Bh4 h6 14. b4 Nf8 15. c5 N8h7 16. c6 Bc8 17. Bxf6 Nxf6 18. e3 h5 19. h3 Nd5 20. Qd2 axb4 21. cxb4 Ra3 22. Nb3 Ne7 23. Qb2 Ra4 24. Nd4 Nf5 25. Qb3 Nxd4 26. Rxd4 b5 27. Bf1 Be6 28. Qc3 Qb8 29. a3 Qb6 30. g4 hxg4 31. hxg4 f6 32. Rxe4 Kf7 33. g5 f5 34. g6+ Kf8 35. Rd4 Raa8 36. Qd3 Rab8 37. Rc1 Ke7 38. Bh3 Rf8 39. e4 Ra8 40. Rd1 Rf6 41. exf5 Bc4 42. Qe4+ Kf8 43. Re1 d5 44. Qe3 Qxc6 45. Rxc4 dxc4 46. Qe7+ Kg8 47. Bg2 Qb6+ 48. Kh1 Qd6 49. Bxa8 Qxe7 50. Rxe7 Kf8 51. Re6 c3 52. Rxf6+ gxf6 53. Be4 Kg8 54. Kg2 Kh8 55. Bc2 Kg8 56. Kf3 1-0

[Event "GER HS-201 email"]
[Site "GER email"]
[Date "2016.03.29"]
[Round "?"]
[White "Eife, Gunter"]
[Black "Kuenitz, Bernhard"]
[Result "1/2-1/2"]
[WhiteElo "1827"]
[BlackElo "1814"]
[PlyCount "88"]
[EventDate "2016.04.05"]
[EventType "tourn (corr)"]
[EventRounds "6"]
[EventCountry "GER"]
[SourceTitle "Corr 2022"]
[Source "ChessBase"]
[SourceDate "2021.10.24"]
[SourceVersion "1"]
[SourceVersionDate "2021.10.24"]
[SourceQuality "1"]

1. e4 e6 2. d4 d5 3. Nc3 Nf6 4. Bg5 Be7 5. e5 Nfd7 6. Bxe7 Qxe7 7. f4 0-0 8. Nf3 c5 9. Qd2 cxd4 10. Nxd4 Nc6 11. 0-0-0 a6 12. Kb1 Nxd4 13. Qxd4 b5 14. Bd3 Bb7 15. Rhe1 b4 16. Ne2 a5 17. Qf2 Nc5 18. Nd4 Ne4 19. Bxe4 dxe4 20. Nb5 Bd5 21. g3 a4 22. Qd4 Rfb8 23. Nd6 Qc7 24. Rc1 f5 25. h3 Qa7 26. Qxa7 Rxa7 27. Re3 Rc7 28. a3 Rc6 29. Rd1 Rcb6 30. Kc1 g6 31. Kd2 Kf8 32. g4 Rc6 33. gxf5 exf5 34. h4 bxa3 35. bxa3 Rb2 36. Rc1 Ra2 37. Rg3 Bf7 38. h5 Rc7 39. Rh3 Rc5 40. hxg6 Bxg6 41. Rg3 Ke7 42. Re3 Ke6 43. Rh3 Kd7 44. Re3 Ke6 1/2-1/2